L'Estonie pour les touristes... - Statistiques

Statistiques générales
  • Ce quiz a été pris 36 fois
  • Le résultat moyen est 11 sur 20
Statistiques - réponses
Question Réponses % Correct
La conduite se fait à droite ou à gauche ? Droite
100%
Quelle est la langue officielle ? Estonien
100%
Dans la capitale y-a-t-il un décalage horaire avec Paris ? (oui/non) Oui
100%
Quelle est la monnaie ? Euro
97%
Quelles autres langues sont répandues ? R Russe
97%
Quelles sont les principales villes touristiques ? T Tallinn
97%
Quelles autres langues sont répandues ? A Anglais
90%
La vitesse hors agglomération est limitée à {90} km/h
74%
Quelles autres langues sont répandues ? A Allemand
71%
Le taux d'alcoolémie toléré au volant est de {0.2} g/l
61%
Quelles autres langues sont répandues ? F Français
55%
Le suffixe internet est ee
52%
Achats à faire 1/ Contenant à bière Chope
39%
Quelles sont les principales villes touristiques ? N Narva
35%
Quelles sont les principales villes touristiques ? P Parnu
35%
La religion majoritaire est L luthéranisme
23%
Achats à faire 3/ ou de... Bouleau
13%
Achats à faire 2/ Objets en bois de Genévrier
0%
On peut y visiter le parc national de L Lamhemaa
0%
Quelles sont les principales villes touristiques ? T Tarlu
0%
Aucun quiz correspondant
Distribution des résultats
% des personnes avec chaque résultat
Percentile par nombre de réponses
Votre historique - résultats
Vous n’avez pas pris ce quiz